| 000 | 00541nam a22002057a 4500 | ||
|---|---|---|---|
| 005 | 20250207152050.0 | ||
| 008 | 160127b2015 xxu||||| |||| 00| | spa d | ||
| 041 | _aESP | ||
| 082 | _aR 363.250.3 H639g2 | ||
| 100 | _aHikal, Wael | ||
| 245 | _aGlosario de criminología, criminalística y victimología criminal | ||
| 250 | _a2 edición | ||
| 260 |
_aMéxico _bFlores _c2015 |
||
| 300 | _a636 páginas | ||
| 650 | _aCRIMINOLOGÍA | ||
| 650 | _aCRIMINALISTICA | ||
| 650 | _aVICTIMOLOGÍA | ||
| 650 | _aDICCIONARIOS | ||
| 942 |
_cREF _2ddc |
||
| 999 |
_c7534 _d7534 |
||